000 00598nam a2200181Ia 4500
008 100920s9999 xx 000 0 und d
082 _b88332
_a491.462 थ 48
100 _aकाणेकर अनंत.
245 _aनिशिकांतची नवरी.
260 _bदेशमुख आणि कंपनी, पुणे 2.
_c1948
300 _a64
_bसाधी
365 _b1.5
520 _aनाटक.
630 _aनिशिकांतची नवरी.
650 _aनाटक.
730 _aनिशिकांतची नवरी.
942 _cBOOK
999 _c728837
_d728834